000 00396nam a2200133Ia 4500
008 211119s9999||||xx |||||||||||||| ||und||
082 _a920
_bPAR-M
100 _aPariyadathu, Jyothibhai
245 0 _aMayilamma:Oru Jeeveitham
260 _bMathrubhoomi Books
_aKottayam
_c2006
300 _a86p
650 _aHistory
_vBiographyGreat PersonalitiesEconomics
_xPGR-GANDHIAN STUDIES
942 _cBOOK
999 _c107732
_d107732